| 000 | 00527nam a2200193Ia 4500 | ||
|---|---|---|---|
| 999 |
_c14846 _d14846 |
||
| 003 | OSt | ||
| 005 | 20230905135634.0 | ||
| 008 | 190216s9999||||xx |||||||||||||| ||und|| | ||
| 020 | _a9788184002904 | ||
| 040 | _coclc | ||
| 082 |
_a823.914 _bASL/W |
||
| 100 |
_aAslam, Nadeem _95665 |
||
| 245 | 4 |
_aThe Wasted Vigil / _cNadeem Aslam |
|
| 250 | _a2nd Ed. | ||
| 260 |
_bRandom House India , _c2012. _aLondon: |
||
| 300 | _a430p | ||
| 650 | _aEnglish | ||
| 942 |
_cBK _2ddc _h823.914 _iASL/W _k823.914 _mASL/W |
||